000 00895nam a22002777a 4500
001 6654
003 FISKH
005 20250519102724.0
008 250519b cb ||||| |||| 00| 0 eng d
020 _a9780099408390
040 _aFISKH
_beng
_cFISKH
_dFISKH813 LCC PZ7.S47 W
050 _aPZ7.S47 W
082 _a813
100 _aSendak, Maurice
245 _aWhere the wild things are /
_cStory and picture by by Maurice Sendak
250 _aThis edition published 2013
260 _aLondon :
_bPenguin,
_c1963.
300 _a40 unnumbered pages :
_bcolor illustrations ;
_c23 x 26 cm
505 _aR
520 _aA naughty little boy, sent to bed without his supper, sails to the land of the wild things where he becomes their king.
521 8 _a740
_bLexile AD
521 8 _aR
_bRaz-Plus
650 _aAnimals
_vAdventure
942 _2ddc
_cBK
_n0
999 _c6654
_d6654